| 000 | 00474nam a2200181Ia 4500 | ||
|---|---|---|---|
| 005 | 20240605045555.0 | ||
| 008 | 240331s9999 xx 000 0 und d | ||
| 082 |
_bLEG _a346. |
||
| 245 | 0 |
_aLegal literacy : _ba tool for women's empowerment |
|
| 260 |
_aNew York _bUNIFEM _c1992 |
||
| 300 | _axiv, 346 p ., | ||
| 650 | _aWomen | ||
| 650 | _aLaw | ||
| 650 | _aPolitical | ||
| 700 |
_aSehuler, Margaret _eedt |
||
| 700 |
_aRajasingham, Kadirgama Sakuntala _eedt |
||
| 942 | _cL | ||
| 999 |
_c2848 _d2848 |
||